[Event "Burgos Intercajas"]
[Site "Burgos"]
[Date "2011.10.25"]
[Round "3.4"]
[White "Navarro Carrillo, Francisco"]
[Black "Pomares Servat, Joan"]
[Result "1-0"]
[WhiteElo "1950"]
[BlackElo "1864"]
[PlyCount "73"]
[EventDate "2011.10.23"]
[EventType "swiss"]
[EventRounds "6"]
[EventCountry "ESP"]
[SourceTitle "EXT 2024"]
[Source "ChessBase"]
[SourceDate "2023.10.10"]
[SourceVersion "1"]
[SourceVersionDate "2023.10.10"]
[SourceQuality "1"]
[WhiteTeam "Caja Granada"]
[BlackTeam "Sabadell Coral Colon"]
[WhiteTeamCountry "ESP"]
[BlackTeamCountry "ESP"]

1. Nf3 e6 2. g3 Bc5 3. Bg2 Nf6 4. 0-0 d5 5. d4 Bb6 6. Bg5 0-0 7. Re1 c5 8. c3 c4 9. Nbd2 Nc6 10. e4 h6 11. Bxf6 Qxf6 12. e5 Qg6 13. Nh4 Qh7 14. f4 Bd8 15. Nhf3 h5 16. Nf1 h4 17. Ne3 hxg3 18. hxg3 b5 19. Kf2 g6 20. Rh1 Qg7 21. Ng4 f5 22. Nh6+ Kh8 23. Nxf5+ Kg8 24. Nxg7 Kxg7 25. Rh3 Bd7 26. Qh1 Kf7 27. Rh7+ Ke8 28. Rh8 Be7 29. Rxf8+ Bxf8 30. Qh8 Ne7 31. Rh1 Bc6 32. Qf6 Kd7 33. Ng5 Re8 34. Qxe6+ Kc7 35. Qf7 Kd8 36. Ne6+ Kd7 37. Nxf8+ 1-0